000
00253 a2200109 4500
000
nam a22 7a 4500
020
_a
9781032599168
100
_a
Turjiman,Fadi AI
_9
108
245
_a
Security in IOT enabled spaces
260
_b
CRC
_c
2019
264
_b
CRC
999
_c
35994
_d
35994